000 00602ntaaa2200217 4500
003 01
005 20251027202548.0
008 0714s1973 ag 01
040 _aAR-BaBN
_bspa
_cAR-BaBN
_eaacr
_dRIC
082 _a301.4240 P66
100 _aPiper, Otto
_924682
245 _aThe biblical view of sex and marriage
250 _a1 ed.
260 _aLondon :
_bJames Nisbet and Co.,
_cc1960
300 _axii, 241 p
500 _aRevision de: "The christian interpretation of sex", 1941.
650 _asexo
650 _amatrimonio
650 _aChristian interpretation of sex
_924683
942 _cBK
999 _c20670
_d20670